Java, biblioteca del programador
में बचाया:
| मुख्य लेखकों: | , |
|---|---|
| स्वरूप: | पुस्तक |
| भाषा: | स्पेनिश |
| प्रकाशित: |
Ciudad de México
McGraw Hill
1997
|
| विषय: | |
| टैग: |
टैग जोड़ें
कोई टैग नहीं, इस रिकॉर्ड को टैग करने वाले पहले व्यक्ति बनें!
|
MARC
| LEADER | 00000nam a2200000 a 4500 | ||
|---|---|---|---|
| 001 | UCP0526 | ||
| 003 | CL-VaPUC | ||
| 008 | 990313e19970000MX |||||||||||||||||spa|d | ||
| 082 | 0 | 4 | |a 005.133 |b LAL |2 21 |
| 100 | 0 | |a Lalani, Suleiman Sam |e author |9 425846 | |
| 700 | |a Jamsa, Kris |e author |9 425847 | ||
| 245 | 1 | 0 | |a Java, biblioteca del programador |
| 300 | |a 662 p | ||
| 942 | |c BK | ||
| 945 | |d 19990313 00:00:00 |a aarredon | ||
| 260 | |a Ciudad de México |b McGraw Hill |c 1997 | ||
| 500 | |a Incluye CD | ||
| 650 | 0 | |a Java |9 370043 | |
| 650 | 0 | |a Lenguajes de programación |9 259458 | |
| 650 | 0 | |a Programación de computadores |9 259531 | |
| 650 | 0 | |a Proceso de datos |9 259776 | |
| 650 | 0 | |a Gráficos por computador |9 262412 | |
| 650 | 7 | |a MULTIMEDIA |2 CL-VaPUC |9 373746 | |
| 583 | |a last modification |c 19990313 00:00:00 |k Rodrigo Vera | ||
| 999 | |c 279294 |d 279292 | ||
| 952 | |0 0 |1 0 |4 0 |6 005_133000000000000_LAL_1997 |7 0 |8 A |9 318329 |a BIBING |b BIBING |d 2019-11-20 |i 3493385 |o 005.133 LAL 1997 |p 3493385 |r 2025-01-20 |w 2019-11-20 |y BK |k CCI | ||